पर्यावरण आणि संस्कृती (Record no. 33603)

MARC details
000 -LEADER
fixed length control field 00514nam a2200145Ia 4500
008 - FIXED-LENGTH DATA ELEMENTS--GENERAL INFORMATION
fixed length control field 090122s9999 xx 000 0 und d
082 ## - DEWEY DECIMAL CLASSIFICATION NUMBER
Item number 9526
100 ## - MAIN ENTRY--PERSONAL NAME
Personal name हवळीकर
Numeration मधुकर
Titles and other words associated with a name केशव
245 ## - TITLE STATEMENT
Title पर्यावरण आणि संस्कृती
600 ## - SUBJECT ADDED ENTRY--PERSONAL NAME
Personal name हवळीकर
630 ## - SUBJECT ADDED ENTRY--UNIFORM TITLE
Uniform title पर्यावरण आणि संस्कृती
700 ## - ADDED ENTRY--PERSONAL NAME
Personal name हवळीकर
730 ## - ADDED ENTRY--UNIFORM TITLE
Uniform title पर्यावरण आणि संस्कृती
942 ## - ADDED ENTRY ELEMENTS (KOHA)
Koha item type Book
Holdings
Withdrawn status Lost status Damaged status Not for loan Home library Current library Date acquired Total Checkouts Full call number Barcode Date last seen Copy number Price effective from Koha item type
        Dombivali Granthasangrahalaya, Dombivali Dombivali Granthasangrahalaya, Dombivali 01/22/2009   9526 DOM-9526 01/22/2009 1 01/22/2009 Book